LEADER 00883nam0-22002531i-450- 001 990001143930403321 035 $a000114393 035 $aFED01000114393 035 $a(Aleph)000114393FED01 035 $a000114393 100 $a--------d--------km-y0itay50------ba 101 0 $aeng 200 1 $a<>fondaments de la chimie théorique, Mécanique ondulatoire appliquée à l'etude des atomes et des molecules$fby Daudel R. 210 $aParis$cGauthier-Villars$d1956 225 1 $aTraité de physique théorique et de physique mathématique 300 $aVol 6 700 1$aDaudel,$bRaymond$0592 801 0$aIT$bUNINA$gRICA$2UNIMARC 901 $aBK 912 $a990001143930403321 952 $a21-E-6$b5743$fMA1 959 $aMA1 996 $aFondaments de la chimie théorique, Mécanique ondulatoire appliquée à l'etude des atomes et des molecules$9344755 997 $aUNINA LEADER 01656nam2-2200421---450- 001 990001075030203316 005 20140605131042.0 035 $a000107503 035 $aUSA01000107503 035 $a(ALEPH)000107503USA01 035 $a000107503 100 $a20020506d2001----km-y0enga50------ba 105 $ay|||z|||001yy 200 1 $a<<10/2001:>> Riforme federaliste e politiche per lo sviluppo delle aree economicamente svantaggiate$edocumento sulle implicazioni delle recenti riforme costituzionali$fSVIMEZ, Associazione per lo sviluppo dell'industria nel Mezzogiorno 210 $aRoma$cSvimez$d2001 215 $a101 p.$d24 cm 225 2 $aQuaderni di informazioni SVIMEZ$v10 410 1$12001$aQuaderni di informazioni SVIMEZ$v, 10 461 $1001000335028$12001$aQuaderni di Informazioni SVIMEZ 606 0 $aFederalismo$yItalia 607 $aItalia meridionale$xPolitica economica 676 $a338.945 710 02$aSVIMEZ$0370492 801 0$aIT$bSalbc$cISBD 912 $a990001075030203316 951 $aFondo Periodici (IG IV 1427)$b33072 G.$c(IG IV 1427)$d00081760 959 $aBK 969 $aGIU 979 $aSTELLA$b10$c20020506$lUSA01$h1153 979 $aCHIARA$b90$c20020521$lUSA01$h1036 979 $aCHIARA$b90$c20020521$lUSA01$h1037 979 $aPATRY$b90$c20040406$lUSA01$h1714 979 $aRSIAV5$b90$c20090818$lUSA01$h1422 979 $aPATRY$b90$c20140605$lUSA01$h1247 979 $aPATRY$b90$c20140605$lUSA01$h1309 979 $aPATRY$b90$c20140605$lUSA01$h1310 996 $a10/2001: Riforme federaliste e politiche per lo sviluppo delle aree economicamente svantaggiate$9979181 997 $aUNISA